Pushing the payment button (Record no. 82119)
[ view plain ]
| 000 -LEADER | |
|---|---|
| fixed length control field | 01456cab a22002295a 4500 |
| 001 - CONTROL NUMBER | |
| control field | L149300 |
| 008 - FIXED-LENGTH DATA ELEMENTS--GENERAL INFORMATION | |
| fixed length control field | e2010 xxk 000 0 eng d |
| 035 ## - SYSTEM CONTROL NUMBER | |
| System control number | (Sirsi) u149300 |
| 041 0# - LANGUAGE CODE | |
| Language code of text/sound track or separate title | eng |
| 100 1# - MAIN ENTRY--PERSONAL NAME | |
| Personal name | Peckett, Victoria |
| 245 00 - TITLE STATEMENT | |
| Title | Pushing the payment button |
| Remainder of title | impact on contractual payment provisions if LDEDC comes into force |
| Medium | [electronic resource] |
| 260 ## - PUBLICATION, DISTRIBUTION, ETC. | |
| Date of publication, distribution, etc. | 2010 |
| 490 ## - SERIES STATEMENT | |
| Series statement | Construction Journal |
| Volume/sequential designation | Feb-Mar 2010, 16-17(3) |
| 520 ## - SUMMARY, ETC. | |
| Summary, etc. | The Local Democracy, Economic Development and Construction Act (LDEDC) received Royal Assent on 12 November 2009. Most people involved in our industry will be aware of the LDEDC and the fact that, if brought into force, it will involve changes to the Housing Grants, Construction and Regeneration Act 1996 (HGCRA). The current prognosis is that LDEDC is unlikely to be introduced until March/April 2011 if at all (given an intervening general election). LDEDC makes some amendments so that a LDEDC-compliant payment regime is one where payment is triggered solely by payment notices. |
| 590 ## - LOCAL NOTE (RLIN) | |
| Local note | KA |
| 650 24 - SUBJECT ADDED ENTRY--TOPICAL TERM | |
| Topical term or geographic name entry element | HOUSING GRANTS, CONSTRUCTION AND REGENERATION ACT 1996 |
| 650 24 - SUBJECT ADDED ENTRY--TOPICAL TERM | |
| Topical term or geographic name entry element | LOCAL DEMOCRACY, ECONOMIC DEVELOPMENT AND CONSTRUCTION ACT 2009 |
| 651 #4 - SUBJECT ADDED ENTRY--GEOGRAPHIC NAME | |
| Geographic name | United Kingdom |
| Chronological subdivision | |
| 690 ## - LOCAL SUBJECT ADDED ENTRY--TOPICAL TERM (OCLC, RLIN) | |
| Topical term or geographic name as entry element | BUILT ENVIRONMENT-BUILDING CONTRACT FORMS |
| 856 48 - ELECTRONIC LOCATION AND ACCESS | |
| Uniform Resource Identifier | <a href="https://www.rics.org/site/download_feed.aspx?fileID=5762&fileExtension=PDF">https://www.rics.org/site/download_feed.aspx?fileID=5762&fileExtension=PDF</a> |
| Public note | View this item (member-only access) at www.rics.org |
| 942 ## - ADDED ENTRY ELEMENTS (KOHA) | |
| Suppress in OPAC | 0 |
| Withdrawn status | Lost status | Source of classification or shelving scheme | Damaged status | Not for loan | Home library | Current library | Shelving location | Date acquired | Total Checkouts | Full call number | Barcode | Date last seen | Copy number | Price effective from | Koha item type |
|---|---|---|---|---|---|---|---|---|---|---|---|---|---|---|---|
| Dewey Decimal Classification | Virtual | Virtual | Online | 18/02/2010 | ONLINE PUBLICATION | 149300-2001 | 06/08/2019 | 1 | 06/08/2019 | Journal article |